Регионална библиотека "Любен Каравелов" - Русе

Sechzig ausgewahlte Etuden fur Posaune (Запис номер 350312)

MARC детайли
000 -Лидер
Контролно поле с фиксирана дължина ncm a22 a 4500
003 - Код на организацията, давaща контролен номер
Контролно поле BLK
005 - Дата и час на последна редакция
Контролно поле 20200427143707.0
008 - Елементи от данни с фиксирана дължина
fixed length control field 200329b bu ||||| |||| 00| 0 bu d
040 ## - Източник на каталожния запис
Идентификатор на билиотеката - собственик на записа BLK
041 ## - Код за език
Код за езика на текст/звукозапис или на отделно заглавие Немски
Код за езика КДБФ Немски
080 ## - УДК
Текстов определител УДК Тромбон, уч. литература, гами, етюди
УДК код - определител по УДК 788.2.087.5
УДК - код + определител 788.7.087.5
100 ## - Редна дума - Автор
R(LIN) 403145
Автор Kopprasch, Georg C.
Авторска отговорност първи автор
139 ## - Редно поле
Редна дума Kopprasch, Georg C.
Авторски знак Конф - К 84
245 ## - Сведения за заглавието
Заглавие Sechzig ausgewahlte Etuden fur Posaune
Редно поле (дума) Georg C. Kopprasch ; hrsg. von Franz Seyffarth.
Том
Подзаглавни данни Fagott, Euphonion, Bariton
257 ## - Страна на издаване
Страна на създаване/издаване Германия
260 ## - Област на издателските данни
9 (RLIN) 402638
Място на издаване, разпространение и проч. Leipzig
Име на издателя, разпространителя и проч. Friedrich Hofmeister
Година на издаване 1980
300 ## - Физическа характеристика
Размери/Мащаб 30 см
Страници 55 c.
380 ## - Жанр
Жанр Изкуство
490 ## - СЕРИИ (Колекции)
9 (RLIN) 403029
Име на серия Hofmeister Studienwerke
650 #0 - Допълнително описание по предмет – тема
9 (RLIN) 403148
Основно описание – тема или топоним Тромбон - гами, етюди
653 #7 - Ключова дума – ненормативна
9 (RLIN) 198691
Ключова дума тромбони
653 #7 - Ключова дума – ненормативна
9 (RLIN) 186510
Ключова дума етюди
700 ## - Други автори (авторска отговорност)
9 (RLIN) 403149
Лично име Seyffarth, Franz
Автороска отговорност (Описва отношението между автора и произведението) hrsg.
700 ## - Други автори (авторска отговорност)
9 (RLIN) 407617
Лично име Копраш, Георг
852 ## - Местоположение
Форматна сигнатура Цб М ІІ 9188
Фондова буква Отдел Изкуство - подръчен фонд
999 ## - СИСТЕМНИ КОНТРОЛНИ НОМЕРА
Koha biblionumber 350312
Koha biblioitemnumber 350312
942 ## - АРТИКУЛИ
Вид на библиотечния материал Нотни издания
Скрит в OPAC Не
Периодичен библиозапис Да
944 ## - СЪЗДАВАНЕ И РЕДАКЦИЯ на ЗАПИСА
Създаване/Редакция Създаване
Дата на регистрацията/редакция 2020-03-29
Служител, извършил регистрацията/редакцията Валентина Караджова
999 ## - СИСТЕМНИ КОНТРОЛНИ НОМЕРА
Koha biblioitemnumber 350312
999 ## - СИСТЕМНИ КОНТРОЛНИ НОМЕРА
Koha biblioitemnumber 350312
999 ## - СИСТЕМНИ КОНТРОЛНИ НОМЕРА
Koha biblioitemnumber 350284
999 ## - СИСТЕМНИ КОНТРОЛНИ НОМЕРА
Koha biblioitemnumber 350284
999 ## - СИСТЕМНИ КОНТРОЛНИ НОМЕРА
Koha biblioitemnumber 350282
999 ## - СИСТЕМНИ КОНТРОЛНИ НОМЕРА
Koha biblioitemnumber 350282
999 ## - СИСТЕМНИ КОНТРОЛНИ НОМЕРА
Koha biblioitemnumber 350161
999 ## - СИСТЕМНИ КОНТРОЛНИ НОМЕРА
Koha biblioitemnumber 350161
999 ## - СИСТЕМНИ КОНТРОЛНИ НОМЕРА
Koha biblioitemnumber 350124
999 ## - СИСТЕМНИ КОНТРОЛНИ НОМЕРА
Koha biblioitemnumber 350124
999 ## - СИСТЕМНИ КОНТРОЛНИ НОМЕРА
Koha biblioitemnumber 350108
999 ## - СИСТЕМНИ КОНТРОЛНИ НОМЕРА
Koha biblioitemnumber 350108
999 ## - СИСТЕМНИ КОНТРОЛНИ НОМЕРА
Koha biblioitemnumber 350108
999 ## - СИСТЕМНИ КОНТРОЛНИ НОМЕРА
Koha biblioitemnumber 349788
Наличности
Код за отписване Код за изгубен артикул Източник на класификационната схема Код за повреда Коз за рестрикции Код за отдаване Артикулен № Име на библиотеката - собственик Име на библиотеката, в която се намира в момента Статус (Текущо местоположение) Дата на вписване в системата Местоположение - отдел Цена в лева Инвентарен номер Систематично азбучна сигнатура Баркод Цена в евро Служебен тип на артикула
  Не е изгубен Universal Decimal Classification Не е повреден без рестрикции заемане за дома 757803 Регионална библиотека "Любен Каравелов" Русе Регионална библиотека "Любен Каравелов" Русе Отдел Изкуство - подръчен фонд 2020-04-02 Отдел Изкуство - подръчен фонд 3.37 379664 788/К 84 Г 120000379664 1.72 Нотни издания
  Не е изгубен Universal Decimal Classification Не е повреден без рестрикции заемане за дома 757804 Регионална библиотека "Любен Каравелов" Русе Регионална библиотека "Любен Каравелов" Русе Отдел Изкуство - подръчен фонд 2020-04-02 Отдел Изкуство - подръчен фонд 0.00 44/88 788/К 84 Г 900000002732 0.00 Нотни издания
Vip Innovations Ltd, Rousse, Bulgaria 2025